000 00292nam a22001217a 4500
003 NUST
005 20230524095326.0
008 140507b xxu||||| |||| 00| 0 eng d
020 _cAvailable
082 _a537
_bLOR
245 _aElectromagnetic fields and waves
_cLorrain,Paul
942 _2ddc
_cBK
999 _c24121
_d24121